| 000 | 01529nam2a22003131 4500 | ||
|---|---|---|---|
| 001 | RU\NLR\Per\622871 | ||
| 005 | 20250617174409.0 | ||
| 035 | _a(NLR Aleph) 002873159 | ||
| 090 |
_a3209002 _c3209002 |
||
| 100 | _a20090730d2009 |||y0rusy50 ca | ||
| 101 | 0 | _arus | |
| 102 | _aRU | ||
| 105 | _ay ||||000|y | ||
| 200 | 1 | _aПрава граждан на ведение садоводства, огородничества и дачного хозяйства | |
| 210 |
_d2009 _aБ. м. |
||
| 461 | 0 |
_1001RU\NLR\INFOCOMM20\5000110779 _12001#$aСадовод и огородник$v2009, № 5 _94130618 _cМ. _d2003- _nБ. и. _tСадовод и огородник _v2009, № 5 |
|
| 512 | 1 | _aАвтодороги и дорожная деятельность | |
| 606 | 1 |
_aДачные некоммерческие объединения граждан _yРоссийская Федерация _92118057 _3RU\NLR\AUTH\661279322 |
|
| 606 | 1 |
_aСадоводческие некоммерческие объединения граждан _yРоссийская Федерация _92118048 _3RU\NLR\AUTH\661279317 |
|
| 606 | 1 |
_aОгороднические некоммерческие объединения граждан _yРоссийская Федерация _92118049 _3RU\NLR\AUTH\661279318 |
|
| 686 | 1 | _aХ623.012.292 | |
| 801 | 1 |
_aRU _bInfoComm _c20050823 |
|
| 801 | 0 |
_aRU _bNLR _gPSBO |
|
| 801 | 2 |
_aRU _bNLR _c20080122 _2rusmarc |
|
| 852 |
_aNLR _jП13/1936 |
||
| 942 | _cISSUE | ||
| 980 | _aNB | ||
| 980 | _aRUSPER | ||